[Event "Ambalangoda Dhamso op 4th"]
[Site "Ambalangoda"]
[Date "2014.05.02"]
[Round "6"]
[White "Gunawardena, Oshan Rangana"]
[Black "Umesha, BG Dilini"]
[Result "0-1"]
[WhiteElo "1573"]
[BlackElo "1761"]
[PlyCount "68"]
[EventDate "2014.04.30"]
[EventType "swiss"]
[EventRounds "9"]
[EventCountry "SRI"]
[SourceTitle "CBM 160 Extra"]
[Source "ChessBase"]
[SourceDate "2014.07.01"]
[SourceVersion "1"]
[SourceVersionDate "2014.07.01"]
[SourceQuality "1"]

1. c4 Nf6 2. b3 e6 3. e3 d5 4. d4 Ne4 5. Nf3 Nd7 6. Nbd2 f5 7. h4 Ndf6 8. Ne5 Bb4 9. Bd3 c6 10. Bxe4 fxe4 11. c5 Ba5 12. g4 0-0 13. g5 Nd7 14. g6 h6 15. Nf7 Qf6 16. h5 Nxc5 17. dxc5 Qxa1 18. a3 Qf6 19. b4 Bc7 20. Nf1 Bd7 21. Qd2 Be8 22. Bb2 e5 23. Nh2 Bxf7 24. Ng4 Qf5 25. gxf7+ Rxf7 26. Rg1 Kh7 27. Qe2 Re8 28. Nxe5 Bxe5 29. Bxe5 Rxe5 30. Rg6 Qf3 31. Qb2 Rxh5 32. Rd6 Rh1+ 33. Kd2 Qxf2+ 34. Kc3 Qxe3+ 0-1